00868 a2200205 4500020001800000082001200018090001500030100002700045245005100072250001100123260003800134300001100172650001100183700002600194942002000220999001700240952013100257952014300388952013100531 a9788183332552 a005.133 c7030d7030 aKanetkar, Yashavant P. aTest your C#.Net skillscYashavant P. Kanetkar aPart I aNew DelhibBPB Publicationsc2008 a370 p. aC#.NET aYashavant P. Kanetkar cBKk005.133 KAN c10839d10839 001040708NFICaCLbCLcSEd2012-04-13eAllied Book Companyg285.12l0o005.133 KANpSEECS011187r2012-11-14w2017-01-05yBK 001040708NFICaCLbCLcSEd2012-04-13eAllied Book Companyg285.12l1o005.133 KANpSEECS011188r2014-12-17s2014-12-17w2017-01-05yBK 001040708NFICaCLbCLcSEd2012-04-13eAllied Book Companyg285.12l0o005.133 KANpSEECS011186r2012-11-14w2017-01-05yBK